Words Ending In "-uh" - Statistics

General Stats
  • This quiz has been taken 14 times
  • The average score is 2 of 6
Answer Stats
Word % Correct
Duh
78%
Uh
44%
Huh
33%
Pruh
11%
Puh
11%
Kletterschuh
0%
No matching quizzes found
Score Distribution
Percent of People with Each Score
Percentile by Number Answered
Your Score History
You have not taken this quiz